Graphic arts monthly

Presents the online version of "Graphic Arts Monthly," a magazine for the printing industry, published by Cahners Publishing Co. Includes industry news, product reviews, and special features from the print edition. Contains classified advertisements, subscription information, and an events calendar....

Full description

Bibliographic Details
Format: Electronic Journal
Language:English
Published: New York : Cahners Pub. Co.
Subjects:
Online Access:Full text available from Research Library: 01/01/1996 to 04/30/2010

MARC

LEADER 00000nas a22000007a 4500
001 ssj0000450
003 WaSeSS
005 20200512172242.0
006 m d
007 cr n
008 980423c19879999nyumr pss 0 a0eng c
010 |a  2005215763 
022 |a 1558-1411  |l 1047-9325  |y 1047-9325 
035 |a (WaSeSS)ssj0000450 
037 |b Graphic Arts Monthly, 2000 Clearwater Dr., Oak Brook, IL 60523 
040 |a FGA  |b eng  |c FGA  |d OCL  |d OCLCQ  |d N@F  |d OCLCQ  |d NSD  |d LGG  |d OCLCQ  |d OCLCO  |d OCLCQ  |d OCLCF  |d OCLCQ  |d VT2  |d WaSeSS 
042 |a pcc  |a nsdp 
050 1 4 |a Z119  |b .G87 
130 0 |a Graphic arts monthly (New York, N.Y. : Online) 
222 0 |a Graphic arts monthly  |b (New York, N.Y. Online) 
245 1 0 |a Graphic arts monthly  |h [electronic resource]. 
260 |a New York :  |b Cahners Pub. Co. 
362 1 |a Print began with vol. 59, no. 11 (Nov. 1987). 
506 |a License restrictions may limit access. 
520 8 |a Presents the online version of "Graphic Arts Monthly," a magazine for the printing industry, published by Cahners Publishing Co. Includes industry news, product reviews, and special features from the print edition. Contains classified advertisements, subscription information, and an events calendar. Links to advertisers, industry stock information, and editorial archives. Posts contact information for the magazine's New York City headquarters via street address, telephone and fax numbers, and e-mail. 
538 |a Mode of access: World Wide Web. 
588 |a Description based on: Vol. 68, issue 6 (June 1996); title from available issues screen (viewed Apr. 23, 1998). 
650 0 |a Printing  |v Periodicals. 
650 7 |a Printing.  |2 fast  |0 (OCoLC)fst01076612 
655 0 |a Electronic journals. 
776 1 |t Graphic arts monthly (New York, N.Y.)  |x 1047-9325  |w (DLC) 96647145  |w (OCoLC)17406060 
856 4 0 |z Full text available from Research Library: 01/01/1996 to 04/30/2010  |u https://search.proquest.com/publication/323